| Tag |
First Indicator |
Second Indicator |
Subfields |
| LEADER |
00000cam a2200000 4500 |
| 001 |
in00000676421 |
| 005 |
20170605093404.0 |
| 008 |
751201r1952 nyu 00001 eng |
| 010 |
|
|
|a 52007935
|
| 035 |
|
|
|a (OCoLC)01867099
|
| 035 |
|
|
|9 ADA3035AM
|
| 040 |
|
|
|a DLC
|c TNH
|d TXA
|d UtOrBLW
|
| 049 |
|
|
|a TXAM
|c [426666]
|
| 050 |
0 |
0 |
|a PZ4.H9884
|b Ni
|a PR6015.Y33
|
| 090 |
|
|
|a PR6015.Y33
|b N56 1952
|
| 100 |
1 |
|
|a Hyams, Edward,
|d 1910-1975.
|
| 245 |
1 |
0 |
|a 998 :
|b a novel.
|
| 264 |
|
1 |
|a [New York] :
|b Pantheon Books,
|c [1952]
|
| 264 |
|
4 |
|c [©1952]
|
| 300 |
|
|
|a 207 pages
|
| 336 |
|
|
|a text
|b txt
|2 rdacontent
|
| 337 |
|
|
|a unmediated
|b n
|2 rdamedia
|
| 338 |
|
|
|a volume
|b nc
|2 rdacarrier
|
| 500 |
|
|
|a "Originally published in England under the title Sylvester."
|
| 999 |
|
|
|a MARS
|
| 999 |
f |
f |
|s b28d0b68-146a-3905-be44-c44800f7493f
|i c932b328-5541-3fb8-8637-bd73cdeee7f3
|t 0
|
| 952 |
f |
f |
|p ric
|a Texas A&M University
|b Rellis Campus
|c Joint Library Facility
|d Remote Storage
|t 0
|e PR6015.Y33 N56 1952
|h Library of Congress classification
|i unmediated -- volume
|m A14804318290
|
| 998 |
f |
f |
|a PR6015.Y33 N56 1952
|t 0
|l Remote Storage
|